The Ngatik massacre : history and identity on a Micronesian atoll
Αποθηκεύτηκε σε:
| Κύριος συγγραφέας: | |
|---|---|
| Μορφή: | Βιβλίο |
| Γλώσσα: | English |
| Δημοσίευση: |
Washington; London :
Smithsonian Institution Press,
1993
|
| Σειρά: | Smithsonian series in ethnographic inquiry
|
| Θέματα: | |
| Ετικέτες: |
Προσθήκη ετικέτας
Δεν υπάρχουν, Καταχωρήστε ετικέτα πρώτοι!
|
MARC
| LEADER | 00000nam a2200000 i 4500 | ||
|---|---|---|---|
| 001 | 1/2544 | ||
| 008 | 960207s1993 eng d | ||
| 020 | |a 1-56098-261-6 | ||
| 035 | |l 10014898 | ||
| 040 | |a GR-MY-UA |b gre |e aacr | ||
| 041 | 0 | |a eng | |
| 082 | 0 | |a 996.5 | |
| 100 | 1 | |a Poyer, Lin. | |
| 245 | 1 | 4 | |a The Ngatik massacre : |b history and identity on a Micronesian atoll / |c Lin Poyer |
| 260 | |a Washington; London : |b Smithsonian Institution Press, |c 1993 | ||
| 300 | |a 298 p. |b ill; map | ||
| 490 | 1 | |a Smithsonian series in ethnographic inquiry | |
| 504 | |a Includes bibliographical references and index | ||
| 650 | 0 | 0 | |a Ngatik (Micronesian people) |x History. |
| 650 | 0 | 0 | |a Ngatik (Micronesian people) |x Ethic identity. |
| 650 | 0 | 0 | |a Ngatik (Micronesian people) |x Social life and customs. |
| 650 | 0 | 0 | |a Massacres |z Micronesia (Federated States) |z Ngatik |x History |y 19th century. |
| 651 | 0 | |a Ngatik (Micronesia) |x History. | |
| 651 | 0 | |a Ngatik (Micronesia) |x Social life and customs. | |
| 830 | 0 | |a Smithsonian series in ethnographic inquiry | |
| 852 | |a INST |b LESVOS |e 19960207 |h 996.5 POY |p 005100007335 |q 005100007335 |t BK |y 0 | ||
| 909 | |a Λ |b 043392 | ||